La administración pública a través de las ciencias sociales
Saved in:
| Hovedforfatter: | |
|---|---|
| Format: | Bog |
| Sprog: | spansk |
| Udgivet: |
Ciudad de México
Fondo de Cultura Económica
2010
|
| Udgivelse: | 1a. ed |
| Serier: | Obras de Administración Pública
|
| Fag: | |
| Tags: |
Tilføj Tag
Ingen Tags, Vær først til at tagge denne postø!
|
MARC
| LEADER | 00000nam a2200000 a 4500 | ||
|---|---|---|---|
| 001 | UCG4661 | ||
| 003 | CL-VaPUC | ||
| 008 | 101118e20100000MX |||||||||||||||||spa|d | ||
| 020 | |a 9786071601919 | ||
| 082 | 0 | 4 | |a 351 |b GUE |2 21 |
| 100 | 0 | |a Guerrero, Omar |e author |9 554054 | |
| 245 | 1 | 3 | |a La administración pública a través de las ciencias sociales |
| 250 | |a 1a. ed | ||
| 300 | |a 386 p | ||
| 942 | |c BK | ||
| 945 | |d 20101118 00:00:00 |a mfarfan | ||
| 260 | |a Ciudad de México |b Fondo de Cultura Económica |c 2010 | ||
| 650 | 0 | |a Administración pública |9 255343 | |
| 650 | 0 | |a Ciencias sociales |9 256351 | |
| 583 | |a last modification |c 20101118 00:00:00 |k Rodrigo Vera | ||
| 490 | 0 | |a Obras de Administración Pública | |
| 999 | |c 343331 |d 343329 | ||
| 952 | |0 0 |1 0 |4 0 |6 351_000000000000000_GUE_2010 |7 0 |8 A |9 440567 |a BIBGIM |b BIBGIM |d 2019-11-22 |i 4736516 |o 351 GUE 2010 |p 4736516 |r 2025-01-15 |w 2019-11-22 |y BK |k SSL | ||